000 00712nam a2200229 i 4500
001 35291
003 ES-MaACL
005 20230906155110.0
007 t|
008 030212s1971 sp ||||1| spa d
100 1 _aBorger, Robert.
_930454
245 1 0 _aPsicología del aprendizaje /
_cRobert Borger, A. E. M. Seaborne ; [traducción por Angeles Izquierdo].
250 _a[1ª ed.].
260 _aBarcelona :
_b[Fontanella],
_c1971.
300 _a226 p., 2 lám. ;
_c23 cm.
490 1 _aConducta humana ;
_v6
700 1 _aIzquierdo, Angeles.
_965697
700 1 _aSeaborne, A. E. M.
_9104977
830 0 _aConducta humana ;
_v6
_9181363
852 _aES-MaACL
_jC-44494
_bR.77808
999 _c35291
_d35291